[Event "EU-ch Amateur U2300"]
[Site "Niksic"]
[Date "2018.06.17"]
[Round "5"]
[White "Petrovic, Slavko"]
[Black "Stamatovic, Vladimir"]
[Result "1-0"]
[WhiteElo "1984"]
[BlackElo "1804"]
[PlyCount "45"]
[EventDate "2018.06.14"]
[EventType "swiss"]
[EventRounds "9"]
[EventCountry "MNE"]
[SourceTitle "CBM 185 Extra"]
[Source "ChessBase"]
[SourceDate "2018.07.29"]
[SourceVersion "1"]
[SourceVersionDate "2018.07.29"]
[SourceQuality "1"]

1. e4 e5 2. Nf3 Nc6 3. Bb5 Bc5 4. 0-0 d6 5. c3 a6 6. Ba4 b5 7. Bb3 Na5 8. Bc2 Bb6 9. h3 Nf6 10. d4 exd4 11. cxd4 0-0 12. Bg5 h6 13. Bh4 Nc6 14. Nc3 g5 15. Bg3 g4 16. d5 gxf3 17. dxc6 fxg2 18. Kxg2 Qe8 19. Qf3 Qe6 20. Bf4 Kh8 21. Kh2 Bd4 22. Nd5 Nxd5 23. exd5 1-0

[Event "Podgorica Buducnost op 3rd"]
[Site "Podgorica"]
[Date "2017.12.23"]
[Round "2"]
[White "Stamatovic, Vladimir"]
[Black "Delevic, Nina"]
[Result "0-1"]
[WhiteElo "1859"]
[BlackElo "1765"]
[PlyCount "67"]
[EventDate "2017.12.22"]
[EventType "swiss"]
[EventRounds "7"]
[EventCountry "MNE"]
[SourceTitle "CBM 182 Extra"]
[Source "ChessBase"]
[SourceDate "2018.02.23"]
[SourceVersion "1"]
[SourceVersionDate "2018.02.23"]
[SourceQuality "1"]

1. d4 Nf6 2. c4 d6 3. Nc3 g6 4. e4 Bg7 5. f4 0-0 6. Be2 Nbd7 7. Nf3 Re8 8. e5 dxe5 9. fxe5 Ng4 10. 0-0 c5 11. Ng5 Nh6 12. e6 Bxd4+ 13. Kh1 Ne5 14. Nxh7 Bxe6 15. Ng5 Bxc4 16. Bxc4 Nxc4 17. Qb3 Nd6 18. Ne6 Qc8 19. Nxd4 cxd4 20. Bxh6 dxc3 21. bxc3 Qc4 22. Qb2 Qh4 23. Bf4 Nf5 24. Rae1 e5 25. Rxe5 Rxe5 26. Bxe5 Re8 27. Qb5 Re7 28. Qd5 Re8 29. g3 Qh5 30. Re1 Nxg3+ 31. Kg2 Nf5 32. Re4 Qg5+ 33. Kf2 Rd8 34. Bf4 0-1

[Event "Podgorica Buducnost op 2nd"]
[Site "Podgorica"]
[Date "2016.03.25"]
[Round "7"]
[White "Djukanovic, Sreten"]
[Black "Stamatovic, Vladimir"]
[Result "1-0"]
[WhiteElo "2254"]
[BlackElo "1817"]
[PlyCount "63"]
[EventDate "2016.03.19"]
[EventType "swiss"]
[EventRounds "7"]
[EventCountry "MNE"]
[SourceTitle "CBM 171 Extra"]
[Source "ChessBase"]
[SourceDate "2016.04.26"]
[SourceVersion "1"]
[SourceVersionDate "2016.04.26"]
[SourceQuality "1"]

1. d4 Nf6 2. c4 e6 3. Nc3 d5 4. Bg5 Be7 5. Nf3 0-0 6. e3 c6 7. Bd3 h6 8. Bh4 Na6 9. c5 b6 10. Ne5 Nb8 11. b4 Bb7 12. 0-0 Nbd7 13. f4 Ne8 14. Bxe7 Qxe7 15. Rb1 Nxe5 16. fxe5 Qg5 17. Rf3 f5 18. Rg3 Qh4 19. Ne2 Qh5 20. Nf4 Qxd1+ 21. Rxd1 Bc8 22. h4 b5 23. a4 a5 24. axb5 cxb5 25. Bxb5 axb4 26. Nh5 Ra7 27. Bxe8 Rxe8 28. Nf6+ Kf7 29. Nxe8 Kxe8 30. Rb1 Rb7 31. c6 Rb8 32. Rxg7 1-0

[Event "Podgorica Zeta CC-ch 18th"]
[Site "Podgorica"]
[Date "2016.02.01"]
[Round "7"]
[White "Stamatovic, Vladimir"]
[Black "Lakusic, Zoran"]
[Result "0-1"]
[WhiteElo "1846"]
[BlackElo "1666"]
[PlyCount "64"]
[EventDate "2016.01.25"]
[EventType "tourn"]
[EventRounds "10"]
[EventCountry "MNE"]
[SourceTitle "EXT 2018"]
[Source "ChessBase"]
[SourceDate "2017.10.13"]
[SourceVersion "1"]
[SourceVersionDate "2017.10.13"]
[SourceQuality "1"]

1. d4 Nf6 2. c4 e6 3. Nc3 Bb4 4. Nf3 Ne4 5. Qc2 d5 6. e3 0-0 7. Bd3 f5 8. 0-0 Bxc3 9. bxc3 Nc6 10. a4 a5 11. Ba3 Rf6 12. cxd5 exd5 13. Rab1 b6 14. g3 Qe8 15. Nh4 g5 16. Ng2 Qh5 17. f3 Rh6 18. fxe4 Qxh2+ 19. Kf2 fxe4 20. Bxe4 Rf6+ 21. Ke2 Bg4+ 22. Kd2 dxe4 23. Qxe4 Bf3 24. Rxf3 Qxg2+ 25. Kd3 Qxf3 26. Qxf3 Rxf3 27. d5 Re8 28. Bc1 Ne5+ 29. Kd4 Rxg3 30. d6 cxd6 31. Rxb6 Rg1 32. Rb1 Rd1+ 0-1

[Event "Podgorica Zeta CC-ch 18th"]
[Site "Podgorica"]
[Date "2016.01.29"]
[Round "5"]
[White "Knezevic, Radomir"]
[Black "Stamatovic, Vladimir"]
[Result "0-1"]
[WhiteElo "1964"]
[BlackElo "1846"]
[PlyCount "180"]
[EventDate "2016.01.25"]
[EventType "tourn"]
[EventRounds "10"]
[EventCountry "MNE"]
[SourceTitle "EXT 2018"]
[Source "ChessBase"]
[SourceDate "2017.10.13"]
[SourceVersion "1"]
[SourceVersionDate "2017.10.13"]
[SourceQuality "1"]

1. d4 Nf6 2. Nf3 b6 3. e3 Bb7 4. c4 c6 5. Be2 e6 6. 0-0 d5 7. Nbd2 Bd6 8. b3 0-0 9. Qc2 Nbd7 10. Bb2 Rc8 11. Ne5 Bb8 12. f4 dxc4 13. bxc4 c5 14. Rad1 cxd4 15. exd4 Nd5 16. Qb3 Ne7 17. g4 f6 18. Nxd7 Qxd7 19. Bf3 Ng6 20. Bxb7 Qxb7 21. Qe3 Rfe8 22. Rf2 e5 23. fxe5 fxe5 24. d5 Qd7 25. h3 Nf4 26. Rf3 Nxh3+ 27. Kf1 Nf4 28. Rg3 Rf8 29. Kg1 Rce8 30. Ne4 Ne6 31. d6 Nd4 32. Bxd4 exd4 33. Qxd4 Rf4 34. Qd5+ Kh8 35. Nf2 Ref8 36. Rd2 Qd8 37. Qe5 Rxc4 38. Qe7 Rc1+ 39. Kg2 Rc8 40. Re3 h6 41. d7 Qc7 42. dxc8Q Qxc8 43. Qd7 Bf4 44. Qxc8 Rxc8 45. Red3 Bxd2 46. Rxd2 Rc4 47. Kf3 Ra4 48. Ke3 Kh7 49. Ne4 Ra3+ 50. Kf4 Ra5 51. Nc3 Rc5 52. Rd3 Rc4+ 53. Ne4 b5 54. Ra3 Rc7 55. Ra5 b4 56. Ke5 Rb7 57. Nc5 Re7+ 58. Kf4 Rc7 59. Rb5 Kg6 60. Ne4 Rc4 61. Ra5 Rc7 62. Ra6+ Kh7 63. Ke5 Re7+ 64. Kd4 Rf7 65. g5 Rd7+ 66. Ke5 h5 67. Re6 Rb7 68. Nc5 Rb5 69. Kd4 a5 70. Kc4 Rb8 71. Ra6 h4 72. Rxa5 h3 73. Ne4 Re8 74. Ng3 Re3 75. Nh1 Re1 76. Nf2 h2 77. Kxb4 Rf1 78. Ra3 Rxf2 79. Rh3+ Kg6 80. a4 Kxg5 81. Kb5 Kg4 82. Rh7 Rf5+ 83. Kb6 Rh5 84. Rxg7+ Kh3 85. a5 h1Q 86. a6 Qb1+ 87. Ka7 Qe4 88. Rb7 Qd4+ 89. Kb8 Rh8+ 90. Kc7 Qc5+ 0-1

[Event "Podgorica Zeta CC-ch 18th"]
[Site "Podgorica"]
[Date "2016.01.28"]
[Round "4"]
[White "Stamatovic, Vladimir"]
[Black "Vujacic, Igor"]
[Result "0-1"]
[WhiteElo "1846"]
[BlackElo "2151"]
[PlyCount "76"]
[EventDate "2016.01.25"]
[EventType "tourn"]
[EventRounds "10"]
[EventCountry "MNE"]
[SourceTitle "EXT 2018"]
[Source "ChessBase"]
[SourceDate "2017.10.13"]
[SourceVersion "1"]
[SourceVersionDate "2017.10.13"]
[SourceQuality "1"]

1. d4 Nf6 2. c4 g6 3. Nc3 d5 4. Nf3 Bg7 5. Bg5 Ne4 6. Bf4 Nxc3 7. bxc3 c5 8. cxd5 Qxd5 9. e3 Nc6 10. Qa4 0-0 11. Bc4 Qh5 12. Be2 Bg4 13. Bg3 e5 14. h3 exd4 15. 0-0 Bd7 16. Qc2 dxc3 17. a3 Qf5 18. Bd3 Qh5 19. Rad1 Bxh3 20. Nh4 Bg4 21. f3 Be6 22. Kf2 Nd4 23. exd4 Bxd4+ 24. Ke1 Rfe8 25. Be4 f5 26. Rxd4 cxd4 27. Kf2 fxe4 28. Qxe4 d3 29. Kg1 Qd5 30. Qf4 d2 31. Qf6 d1Q 32. Rxd1 Qxd1+ 33. Kh2 Bf7 34. Qxc3 Rac8 35. Qf6 Rc1 36. Bf4 Re1 37. Bh6 Rh1+ 38. Kg3 Qe1+ 0-1

[Event "Podgorica Zeta CC-ch 18th"]
[Site "Podgorica"]
[Date "2016.01.26"]
[Round "2"]
[White "Lakusic, Zoran"]
[Black "Stamatovic, Vladimir"]
[Result "0-1"]
[WhiteElo "1666"]
[BlackElo "1846"]
[PlyCount "50"]
[EventDate "2016.01.25"]
[EventType "tourn"]
[EventRounds "10"]
[EventCountry "MNE"]
[SourceTitle "EXT 2018"]
[Source "ChessBase"]
[SourceDate "2017.10.13"]
[SourceVersion "1"]
[SourceVersionDate "2017.10.13"]
[SourceQuality "1"]

1. c4 Nf6 2. Nc3 g6 3. e4 d6 4. Nf3 Nc6 5. d3 Bg7 6. Be2 0-0 7. 0-0 a6 8. Bg5 h6 9. Be3 Ng4 10. Rb1 f5 11. Nh4 Kh7 12. Nxg6 Rf6 13. Bxg4 fxg4 14. Nf4 Rf8 15. Nce2 Be5 16. Qd2 Qe8 17. Nd5 Bxh2+ 18. Kxh2 Qh5+ 19. Kg1 Ne5 20. Ng3 Qh4 21. d4 Nf3+ 22. gxf3 gxf3 23. Bf4 Qh3 24. Ne3 Rxf4 25. Rfc1 Rh4 0-1

[Event "Podgorica Zeta CC-ch"]
[Site "Podgorica"]
[Date "2016.01.22"]
[Round "8"]
[White "Tosic, Danilo"]
[Black "Stamatovic, Vladimir"]
[Result "1-0"]
[WhiteElo "1734"]
[BlackElo "1846"]
[PlyCount "75"]
[EventDate "2016.01.15"]
[EventType "tourn"]
[EventRounds "9"]
[EventCountry "MNE"]
[SourceTitle "CBM 170 Extra"]
[Source "ChessBase"]
[SourceDate "2016.02.25"]
[SourceVersion "1"]
[SourceVersionDate "2016.02.25"]
[SourceQuality "1"]

1. Nf3 Nf6 2. g3 Nc6 3. Bg2 d5 4. 0-0 e5 5. d3 Bg4 6. c3 Qd7 7. b4 a6 8. Re1 Bd6 9. Qb3 0-0 10. e4 dxe4 11. dxe4 Ne7 12. Nbd2 Be6 13. Qc2 c5 14. a3 b5 15. Ng5 Bg4 16. Nf1 h6 17. Nf3 Rac8 18. Qd3 Qc7 19. Ne3 Be6 20. Nh4 Rfd8 21. Qe2 g6 22. Bd2 Kg7 23. Rac1 c4 24. Bf3 Qd7 25. Rcd1 g5 26. Nhf5+ Nxf5 27. Nxf5+ Bxf5 28. exf5 Qxf5 29. Qe3 Ng4 30. Bxg4 Qxg4 31. Qb6 Bc7 32. Qxa6 Rd5 33. Qc6 Qf3 34. Bxg5 Rxd1 35. Bxh6+ Kh7 36. Qxf3 Rxe1+ 37. Kg2 Rd8 38. Qf6 1-0

[Event "Podgorica Zeta CC-ch"]
[Site "Podgorica"]
[Date "2016.01.20"]
[Round "6"]
[White "Lakusic, Zoran"]
[Black "Stamatovic, Vladimir"]
[Result "1-0"]
[WhiteElo "1666"]
[BlackElo "1846"]
[PlyCount "73"]
[EventDate "2016.01.15"]
[EventType "tourn"]
[EventRounds "9"]
[EventCountry "MNE"]
[SourceTitle "CBM 170 Extra"]
[Source "ChessBase"]
[SourceDate "2016.02.25"]
[SourceVersion "1"]
[SourceVersionDate "2016.02.25"]
[SourceQuality "1"]

1. c4 e5 2. e4 Bc5 3. Nf3 d6 4. d3 Nf6 5. Bg5 h6 6. Bxf6 Qxf6 7. Be2 Nc6 8. 0-0 Ne7 9. Nc3 a6 10. Nd5 Nxd5 11. cxd5 0-0 12. Rc1 Bb6 13. Rc4 Bd7 14. d4 g5 15. dxe5 dxe5 16. Ne1 Qg6 17. Bh5 Qh7 18. a4 f5 19. Nd3 Qe7 20. Re1 f4 21. Bg4 Rad8 22. Bxd7 Rxd7 23. Qb3 Re8 24. Rec1 Kh8 25. a5 Bxa5 26. Qxb7 Bb6 27. Qxa6 g4 28. Rc6 Rd6 29. Rxd6 Qxd6 30. Rc6 Qd8 31. Rxh6+ Kg7 32. Rh5 Qf6 33. Qb5 Re7 34. Qc6 Qd6 35. Rg5+ Kf6 36. Rxg4 Rd7 37. Rg6+ 1-0

[Event "Podgorica Zeta CC-ch 17th"]
[Site "Podgorica"]
[Date "2014.11.25"]
[Round "3"]
[White "Stamatovic, Vladimir"]
[Black "Maras, Aleksandar"]
[Result "0-1"]
[WhiteElo "1873"]
[BlackElo "1641"]
[PlyCount "38"]
[EventDate "2014.11.22"]
[EventType "tourn"]
[EventRounds "9"]
[EventCountry "MNE"]
[SourceTitle "EXT 2018"]
[Source "ChessBase"]
[SourceDate "2017.10.13"]
[SourceVersion "1"]
[SourceVersionDate "2017.10.13"]
[SourceQuality "1"]

1. e4 c5 2. b3 e5 3. Nf3 Nc6 4. Bc4 a6 5. a4 d6 6. 0-0 Nf6 7. Re1 Be7 8. c3 Bg4 9. h3 Bh5 10. Na3 0-0 11. Nc2 Na5 12. Rb1 Nxc4 13. bxc4 Qd7 14. g4 Nxg4 15. Rxb7 Qxb7 16. hxg4 Bxg4 17. Ne3 Qxe4 18. Nxg4 Qxg4+ 19. Kh2 e4 0-1

[Event "MNT-ch sf"]
[Site "Podgorica"]
[Date "2014.07.26"]
[Round "4"]
[White "Krstonijevic, Stjepan"]
[Black "Stamatovic, Vladimir"]
[Result "1-0"]
[WhiteElo "2060"]
[BlackElo "1868"]
[PlyCount "87"]
[EventDate "2014.07.24"]
[EventType "swiss"]
[EventRounds "7"]
[EventCountry "MNE"]
[SourceTitle "CBM 161 Extra"]
[Source "ChessBase"]
[SourceDate "2014.08.29"]
[SourceVersion "1"]
[SourceVersionDate "2014.08.29"]
[SourceQuality "1"]

1. d4 Nf6 2. c4 e6 3. Nf3 b6 4. g3 Bb7 5. Bg2 c5 6. 0-0 cxd4 7. Qxd4 Nc6 8. Qd1 d5 9. Qa4 Bc5 10. Re1 0-0 11. cxd5 exd5 12. e3 Qe7 13. b3 Rad8 14. Nc3 Nb4 15. Qb5 Ba6 16. Qa4 Qb7 17. Nd4 Rc8 18. Bb2 Nd3 19. Rab1 Rfd8 20. Ba1 Bf8 21. Bf1 Nc5 22. Bxa6 Nxa6 23. Nf5 Bb4 24. Nb5 Ne4 25. Nbd4 Rc5 26. Nb5 Qd7 27. Nfd4 Qc8 28. a3 Rc2 29. axb4 Rxf2 30. Rf1 Rd2 31. Rbd1 Rxd1 32. Rxd1 Qg4 33. Re1 Ng5 34. Qa2 Nxb4 35. Qe2 Qe4 36. Qg2 Qg4 37. Qe2 Qe4 38. Qg2 Qg4 39. Nc3 Nd3 40. Qe2 Nh3+ 41. Kh1 Nhf2+ 42. Kg1 Nxe1 43. Kxf2 Qh3 44. Kxe1 1-0

[Event "MNT-ch sf"]
[Site "Podgorica"]
[Date "2014.07.26"]
[Round "5"]
[White "Stamatovic, Vladimir"]
[Black "Vujacic, Igor"]
[Result "0-1"]
[WhiteElo "1868"]
[BlackElo "2194"]
[PlyCount "106"]
[EventDate "2014.07.24"]
[EventType "swiss"]
[EventRounds "7"]
[EventCountry "MNE"]
[SourceTitle "CBM 161 Extra"]
[Source "ChessBase"]
[SourceDate "2014.08.29"]
[SourceVersion "1"]
[SourceVersionDate "2014.08.29"]
[SourceQuality "1"]

1. e4 c5 2. Nc3 Nc6 3. g3 g6 4. Bg2 Bg7 5. Nge2 d6 6. 0-0 e6 7. f4 Nge7 8. d3 0-0 9. Be3 Rb8 10. Qd2 Nd4 11. Nd1 b5 12. c3 Nxe2+ 13. Qxe2 b4 14. Rc1 Qa5 15. cxb4 Qxb4 16. Rc4 Qa5 17. e5 Nf5 18. Bf2 Ba6 19. Rc3 dxe5 20. Bxc5 e4 21. b4 exd3 22. Qd2 Bxc3 23. Nxc3 Rxb4 24. Ne4 Rb5 25. Qc1 Rc8 26. Nf6+ Kg7 27. Qa1 Rbxc5 28. Nh5+ Kg8 29. Nf6+ Kh8 30. Ne4+ Rc3 31. Rc1 d2 32. Rxc3 d1Q+ 33. Qxd1 Rxc3 34. Qa1 Qb6+ 35. Kh1 Qd4 36. Nxc3 Ne3 37. Qb2 Bc4 38. a3 Nxg2 39. Kxg2 Bd5+ 40. Kf1 Kg7 41. Nd1 Qxb2 42. Nxb2 Kf6 43. Kf2 Kf5 44. Nd3 Ke4 45. Ne5 f5 46. Nf7 Kd3 47. Ng5 h5 48. Nf7 a5 49. Ne5+ Kc3 50. Nxg6 Kb3 51. Ke3 Kxa3 52. h4 a4 53. Ne5 Kb3 0-1

[Event "MNT-ch sf"]
[Site "Podgorica"]
[Date "2014.07.25"]
[Round "2"]
[White "Lakusic, Zoran"]
[Black "Stamatovic, Vladimir"]
[Result "0-1"]
[WhiteElo "1663"]
[BlackElo "1868"]
[PlyCount "57"]
[EventDate "2014.07.24"]
[EventType "swiss"]
[EventRounds "7"]
[EventCountry "MNE"]
[SourceTitle "CBM 161 Extra"]
[Source "ChessBase"]
[SourceDate "2014.08.29"]
[SourceVersion "1"]
[SourceVersionDate "2014.08.29"]
[SourceQuality "1"]

1. e4 e5 2. Nf3 Nc6 3. d4 exd4 4. Nxd4 Bc5 5. Nxc6 bxc6 6. Bc4 Qh4 7. 0-0 d5 8. g3 Qh3 9. exd5 Ne7 10. Qf3 Bg4 11. Qg2 Qh5 12. Re1 Bf3 13. Qf1 0-0 14. Be3 Bd6 15. Nd2 Bxd5 16. Bxd5 cxd5 17. c4 f5 18. c5 Be5 19. Rab1 f4 20. Bxf4 Rxf4 21. Rxe5 Qxe5 22. gxf4 Qxf4 23. Qe2 Qf6 24. b4 Ng6 25. Qf3 Qg5+ 26. Kh1 Qxd2 27. Rd1 Qxa2 28. Rxd5 Rf8 29. Rd8 0-1

[Event "MNT-ch sf"]
[Site "Podgorica"]
[Date "2014.07.25"]
[Round "3"]
[White "Stamatovic, Vladimir"]
[Black "Karisik, Nenad"]
[Result "1-0"]
[WhiteElo "1868"]
[BlackElo "2139"]
[PlyCount "57"]
[EventDate "2014.07.24"]
[EventType "swiss"]
[EventRounds "7"]
[EventCountry "MNE"]
[SourceTitle "CBM 161 Extra"]
[Source "ChessBase"]
[SourceDate "2014.08.29"]
[SourceVersion "1"]
[SourceVersionDate "2014.08.29"]
[SourceQuality "1"]

1. e4 e5 2. Nf3 Nc6 3. Bc4 Nf6 4. 0-0 Nxe4 5. d4 d5 6. Bb5 exd4 7. Nxd4 Bd7 8. Nc3 Nxc3 9. bxc3 Be7 10. Re1 0-0 11. Bd3 Nxd4 12. cxd4 Be6 13. Rb1 b6 14. Rxe6 fxe6 15. Qh5 Rf5 16. Bxf5 exf5 17. Qxf5 Qd6 18. Rb3 Rf8 19. Qg4 Qg6 20. Qe2 Bd6 21. g3 h5 22. Ba3 Re8 23. Qd1 Bxa3 24. Rxa3 a5 25. Rd3 Qg4 26. Qf1 Re2 27. Qd1 Qe4 28. Kf1 c5 29. f3 1-0

[Event "MNT-ch sf"]
[Site "Podgorica"]
[Date "2014.07.24"]
[Round "1"]
[White "Stamatovic, Vladimir"]
[Black "Potpara, Nikola"]
[Result "0-1"]
[WhiteElo "1868"]
[BlackElo "2239"]
[PlyCount "68"]
[EventDate "2014.07.24"]
[EventType "swiss"]
[EventRounds "7"]
[EventCountry "MNE"]
[SourceTitle "CBM 161 Extra"]
[Source "ChessBase"]
[SourceDate "2014.08.29"]
[SourceVersion "1"]
[SourceVersionDate "2014.08.29"]
[SourceQuality "1"]

1. e4 c5 2. Nf3 e6 3. Bb5 a6 4. Be2 Nc6 5. c3 Nf6 6. e5 Nd5 7. c4 Nf4 8. 0-0 Qc7 9. d3 Nxe5 10. Nxe5 Qxe5 11. Bf3 Be7 12. Nc3 0-0 13. Re1 Qc7 14. g3 Ng6 15. h4 d6 16. Bg2 Ne5 17. f4 Nc6 18. Be3 Rb8 19. Qh5 f5 20. Qe2 Bf6 21. Rad1 Nd4 22. Bxd4 Bxd4+ 23. Kh2 Bd7 24. Bf3 b5 25. cxb5 axb5 26. Qc2 Qa7 27. a3 b4 28. axb4 cxb4 29. Ne2 b3 30. Qb1 Rfc8 31. Rc1 Be3 32. Qa1 Qxa1 33. Rxc8+ Rxc8 34. Rxa1 Rc2 0-1

[Event "Podgorica"]
[Site "Podgorica"]
[Date "2014.01.25"]
[Round "9"]
[White "Stamatovic, Vladimir"]
[Black "Sukovic, Andrej"]
[Result "1-0"]
[WhiteElo "1884"]
[BlackElo "1480"]
[PlyCount "35"]
[EventDate "2014.01.18"]
[EventType "tourn"]
[EventRounds "11"]
[EventCountry "MNE"]
[SourceTitle "EXT 2015"]
[Source "ChessBase"]
[SourceDate "2014.11.20"]
[SourceVersion "1"]
[SourceVersionDate "2014.11.20"]
[SourceQuality "1"]

1. e4 c6 2. f4 e5 3. Nf3 exf4 4. d4 d5 5. e5 Bf5 6. Bxf4 Qd7 7. Bd3 Bg6 8. 0-0 Bb4 9. c4 Ne7 10. a3 Ba5 11. b4 Bc7 12. Ng5 0-0 13. e6 fxe6 14. Bxc7 Rxf1+ 15. Qxf1 Qxc7 16. Nc3 Nd7 17. Bxg6 Nxg6 18. Qf7+ 1-0

[Event "Podgorica"]
[Site "Podgorica"]
[Date "2014.01.21"]
[Round "4"]
[White "Vukcevic, Milenko"]
[Black "Stamatovic, Vladimir"]
[Result "1-0"]
[WhiteElo "1604"]
[BlackElo "1884"]
[PlyCount "51"]
[EventDate "2014.01.18"]
[EventType "tourn"]
[EventRounds "11"]
[EventCountry "MNE"]
[SourceTitle "EXT 2015"]
[Source "ChessBase"]
[SourceDate "2014.11.20"]
[SourceVersion "1"]
[SourceVersionDate "2014.11.20"]
[SourceQuality "1"]

1. d4 Nf6 2. Nf3 e6 3. g3 c5 4. e3 Nc6 5. c3 a6 6. Bg2 Rb8 7. 0-0 b5 8. Ne5 Qc7 9. Nxc6 dxc6 10. e4 Bb7 11. Bf4 Qc8 12. Bxb8 Qxb8 13. Nd2 h5 14. e5 Nd5 15. Ne4 cxd4 16. cxd4 h4 17. Re1 hxg3 18. hxg3 Qd8 19. Rc1 Bb4 20. Re2 a5 21. a3 Be7 22. Rec2 b4 23. Nc5 Bc8 24. Qg4 Kf8 25. Rc4 f5 26. exf6 1-0

[Event "Podgorica Zeta CC-ch 16th"]
[Site "Podgorica"]
[Date "2013.12.17"]
[Round "4"]
[White "Lakusic, Zoran"]
[Black "Stamatovic, Vladimir"]
[Result "0-1"]
[WhiteElo "1681"]
[BlackElo "1879"]
[PlyCount "22"]
[EventDate "2013.12.14"]
[EventType "tourn"]
[EventRounds "7"]
[EventCountry "MNE"]
[SourceTitle "EXT 2018"]
[Source "ChessBase"]
[SourceDate "2017.10.13"]
[SourceVersion "1"]
[SourceVersionDate "2017.10.13"]
[SourceQuality "1"]

1. e4 e5 2. Nf3 Nc6 3. Bb5 a6 4. Bxc6 dxc6 5. Nc3 Bd6 6. 0-0 Bg4 7. h3 Bxf3 8. Qxf3 Qe7 9. d3 h6 10. Be3 Nf6 11. Rad1 0-0-0 0-1

[Event "MNT-chT1"]
[Site "Cetinje"]
[Date "2013.08.30"]
[Round "1"]
[White "Stamatovic, Vladimir"]
[Black "Damjanovic, Radovan"]
[Result "1-0"]
[WhiteElo "1903"]
[BlackElo "1846"]
[PlyCount "59"]
[EventDate "2013.08.30"]
[EventType "team-tourn"]
[EventRounds "9"]
[EventCountry "MNE"]
[SourceTitle "CBM 156 Extra"]
[Source "ChessBase"]
[SourceDate "2013.10.22"]
[SourceVersion "1"]
[SourceVersionDate "2013.10.22"]
[SourceQuality "1"]

1. e4 c5 2. Nf3 d6 3. Nc3 Nf6 4. Bc4 Nc6 5. 0-0 Bg4 6. d3 a6 7. a4 e6 8. h3 Bh5 9. Bg5 Be7 10. Bxf6 Bxf6 11. g4 Bg6 12. Qd2 h6 13. Nh2 h5 14. g5 Bxg5 15. f4 Bh6 16. Qf2 Nd4 17. Rae1 0-0 18. Kh1 Rb8 19. Rg1 b5 20. Ba2 b4 21. Nd1 Qa5 22. Bc4 Qxa4 23. c3 bxc3 24. bxc3 d5 25. exd5 exd5 26. Rxg6 dxc4 27. Rxh6 gxh6 28. dxc4 Qc6+ 29. Qg2+ Qxg2+ 30. Kxg2 1-0